Star Wars Knights of the Old Republic 2 (KOTOR) Force Powers - Statistics

General Stats
  • This quiz has been taken 35 times
  • The average score is 14 of 35
Answer Stats
Light/Dark Answer % Correct
Dark Shock/Force Lightning/Force Storm
96%
Neutral Force Push/Force Whirlwind/Force Wave
92%
Dark Wound/Choke/Kill
85%
Light Heal/Improved Heal/Master Heal
81%
Light Force Aura/Force Shield/Force Armor
69%
Dark Drain Life/Death Field
65%
Light Stun/Stasis/Stasis Field
65%
Light Force Valor/Knight Valor/Master Valor
62%
Dark Fear/Horror/Insanity
58%
Light Stun Droid/Disable Droid/Destroy Droid
58%
Neutral Affect Mind/Dominate Mind
54%
Neutral Burst of Speed/Knight Speed/Master Speed
54%
Neutral Battle Meditation/Improved Battle Meditation/Master Battle Meditation
50%
Neutral Energy Resistance/Improved Energy Resistance/Master Energy Resistance
50%
Dark Slow/Affliction/Plague
50%
Neutral Throw Lightsaber/Advanced Throw Lightsaber
50%
Dark Force Scream/Improved Force Scream/Master Force Scream
42%
Neutral Mind Trick/Force Confusion
35%
Dark Drain Force/Improved Drain Force/Master Drain Force
31%
Neutral Force Body/Improved Force Body/Master Force Body
31%
Dark Force Crush
31%
Neutral Force Suppression/Force Breach
31%
Light Revitalize/Improved Revitalize/Master Revitalize
31%
Neutral Beast Trick/Beast Confusion
23%
Neutral Breath Control
23%
Light Force Barrier/Improved Force Barrier/Master Force Barrier
23%
Light Force Enlightenment
19%
Neutral Force Sight
15%
Neutral Force Camouflage/Improved Force Camouflage/Master Force Camouflage
12%
Neutral Force Deflection/Force Redirection
12%
Light Inspire Followers
12%
Light Battle Precognition
4%
Dark Fury/Improved Fury/Master Fury
4%
Dark Crush Opposition
0%
Neutral Precognition
0%
No matching quizzes found
Score Distribution
Percent of People with Each Score
Percentile by Number Answered
Your Score History
You have not taken this quiz